[Event "Under 1700"]
[Site "SchemingMind.com"]
[Date "2009.11.07"]
[Round "-"]
[White "Imre030"]
[Black "XTC"]
[Result "0-1"]
[WhiteCountry "HUN"]
[BlackCountry "COL"]
[WhiteElo "1336"]
[WhiteRD "111"]
[BlackElo "1679"]
[BlackRD "53"]
[GameID "225641"]

1. c3 e5 2. e4 Nf6 3. d4 Nxe4 4. Nf3 Nc6 5. Bg5 Nxg5 6. Bd3 Nxf3+ 7. Qxf3 exd4 8. c4 Bb4+ 9. Nd2 Bxd2+ 10. Kxd2 O-O
11. Ke1 Re8+ 12. Be4 d5 13. Qe2 Rxe4 14. Kd1 Rxe2 15. Kxe2 Qe7+ 16. Kf1 dxc4 17. Re1 Qd8 18. b3 c3 19. a4 c2 20. Rc1 d3
21. g3 d2 22. Kg2 d1=Q
0-1

[Event "Under 1700"]
[Site "SchemingMind.com"]
[Date "2009.11.07"]
[Round "-"]
[White "XTC"]
[Black "Imre030"]
[Result "1-0"]
[WhiteCountry "COL"]
[BlackCountry "HUN"]
[WhiteElo "1679"]
[WhiteRD "53"]
[BlackElo "1336"]
[BlackRD "111"]
[GameID "225642"]

1. e4 e6 2. d4 d5 3. Nc3 c5 4. Nf3 Nc6 5. exd5 cxd4 6. Nxd4 Bb4 7. Bb5 Nf6 8. Bxc6+ bxc6 9. dxc6 Nd5 10. Bd2 Bc5
11. Nb3 Bd6 12. Nxd5 exd5 13. Qe2+ Kf8 14. O-O Qh4 15. g3 Qh3 16. Rfe1 Bg4 17. Qe3 Re8 18. Qxe8#
1-0

[Event "Under 1700"]
[Site "SchemingMind.com"]
[Date "2009.11.06"]
[Round "-"]
[White "mmccaffe"]
[Black "XTC"]
[Result "1/2-1/2"]
[WhiteCountry "USA"]
[BlackCountry "COL"]
[WhiteElo "1689"]
[WhiteRD "58"]
[BlackElo "1679"]
[BlackRD "53"]
[GameID "225644"]

1. e4 e5 2. Nf3 Nc6 3. Bc4 Bc5 4. d3 Nf6 5. O-O d6 6. h3 O-O 7. Nc3 h6 8. a3 a6 9. Qe2 b5 10. Ba2 Bb7
11. Be3 Bxe3 12. Qxe3 Ne7 13. g4 Nh7 14. g5 hxg5 15. Nxg5 Ng6 16. Nxh7 Kxh7 17. Ne2 Qh4 18. Qg3 c6 19. Kh2 Qxg3+ 20. fxg3 Rad8
21. Bxf7 d5 22. Bxg6+ Kxg6 23. exd5 cxd5 24. d4 e4 25. Kg2 Rf6 26. Rxf6+ gxf6 27. Rf1 Rd6 28. c3 Bc8 29. Nf4+ Kh6 30. Rf2 f5
31. Kh2 Kg5 32. Kg2 Bb7 33. Kh2=
1/2-1/2

[Event "Under 1700"]
[Site "SchemingMind.com"]
[Date "2009.11.07"]
[Round "-"]
[White "mmccaffe"]
[Black "Imre030"]
[Result "1-0"]
[WhiteCountry "USA"]
[BlackCountry "HUN"]
[WhiteElo "1615"]
[WhiteRD "59"]
[BlackElo "1250"]
[BlackRD "91"]
[GameID "225645"]

1. e4 d6 2. d3 e5 3. Nc3 Nc6 4. h3 Nf6 5. Nf3 d5 6. exd5 Nd4 7. Bg5 Bb4 8. Bxf6 Qxf6 9. Be2 O-O 10. O-O Nxf3+
11. Bxf3 Bd6 12. Ne4 Qg6 13. Kh2 Bf5 14. Nxd6 cxd6 15. Qe2 Rac8 16. Be4 Bxe4 17. dxe4 Qh6 18. c3 b5 19. Qxb5 Rb8 20. Qe2 a5
21. Rab1 a4 22. b3 axb3 23. axb3 g6 24. Rb2 Qf4+ 25. g3 Qf6 26. Qe3 Qd8 27. c4 Qa5 28. Rfb1 f5 29. exf5 Rxf5 30. f4 Rb4
31. fxe5 dxe5 32. g4 Rf8 33. Qxe5 Qd8 34. Qe6+ Kg7 35. d6 Rb6 36. Qe7+ Kg8 37. Qxd8 Rxd8 38. c5 Rb4 39. Rd1 Rbb8 40. c6 h5
41. c7 hxg4 42. cxd8=Q+ Rxd8 43. hxg4 Kf7 44. b4 Ke6 45. b5 Rxd6 46. Rxd6+ Kxd6 47. b6 Ke5 48. b7 Kf4 49. b8=Q+ Kxg4 50. Rg2+ Kh5
51. Qh8#
1-0

[Event "Under 1700"]
[Site "SchemingMind.com"]
[Date "2009.11.06"]
[Round "-"]
[White "XTC"]
[Black "mmccaffe"]
[Result "0-1"]
[WhiteCountry "COL"]
[BlackCountry "USA"]
[WhiteElo "1679"]
[WhiteRD "53"]
[BlackElo "1689"]
[BlackRD "58"]
[GameID "225646"]

1. e4 e5 2. Nf3 Nf6 3. Nxe5 Nxe4 4. Qe2 d5 5. d3 f6 6. Qh5+ Ke7 7. Qf7+ Kd6 8. dxe4 Kxe5 9. f4+ Kxe4 10. Nc3+ Kd4
11. Qh5 Bb4 12. Qd1+ Kc5 13. Be3+ d4 14. Bf2 Re8+ 15. Be2 Bxc3+ 16. bxc3 Bg4 17. cxd4+ Kc6 18. c4 Rxe2+ 19. Kf1 Rxf2+ 20. Kxf2 Bxd1
21. Rhxd1 Na6 22. d5+ Kd7 23. Re1 Qf8 24. Re6 Nc5 25. Re3 Re8
0-1

[Event "Under 1700"]
[Site "SchemingMind.com"]
[Date "2009.11.07"]
[Round "-"]
[White "Imre030"]
[Black "mmccaffe"]
[Result "0-1"]
[WhiteCountry "HUN"]
[BlackCountry "USA"]
[WhiteElo "1188"]
[WhiteRD "93"]
[BlackElo "1663"]
[BlackRD "60"]
[GameID "225647"]

1. d3 d5 2. Nf3 e6 3. Bg5 Be7 4. h4 h6 5. Bxe7 Qxe7 6. Nc3 Nf6 7. e4 d4 8. Ne2 e5 9. Qd2 O-O 10. a3 Bg4
11. Qb4 Qxb4+ 12. c3 Qxb2 13. Rc1 dxc3 14. Rxc3 Bxf3 15. gxf3 Nc6 16. Nc1 Qxc3+ 17. Kd1 Nd4 18. f4 Qc2+ 19. Ke1 Qxc1#
0-1

[Event "Under 1700"]
[Site "SchemingMind.com"]
[Date "2009.11.07"]
[Round "-"]
[White "Gilligan"]
[Black "XTC"]
[Result "0-1"]
[WhiteCountry "USA"]
[BlackCountry "COL"]
[WhiteElo "1613"]
[WhiteRD "77"]
[BlackElo "1679"]
[BlackRD "53"]
[GameID "225702"]

1. d4 d5 2. c4 e6 3. Nc3 c5 4. Nf3 Nf6 5. e3 Nc6 6. b3 cxd4 7. exd4 Bb4 8. Bd2 O-O 9. Be2 Re8 10. O-O Bxc3
11. Bxc3 a5 12. a3 Ne4 13. Bb2 b6 14. Rb1 Ne7 15. Ne5 f6 16. f3 Nd6 17. Nd3 dxc4 18. bxc4 Nxc4 19. Qc1 Nxb2 20. Qxb2 Rb8
21. Rfd1 Nf5 22. Nf4 Qc7 23. g3 Ne3 24. Rd3 Nd5 25. Nxd5 exd5 26. Bf1 Bf5 27. Rc1 Qd6 28. Rd2 Re3 29. Rc3 Re1 30. g4 Rb1
31. Qa2 Bg6 32. Rb2 Rd1 33. Rd2 Re1 34. Kg2 h5 35. Bd3 Bxd3 36. Rcxd3 hxg4 37. Re2 Rxe2+ 38. Qxe2 gxf3+ 39. Qxf3 Rc8 40. Rd2 b5
41. Rb2 b4 42. axb4 axb4 43. h4 Kf7 44. h5 Rc3 45. Qd1 Qg3+ 46. Kf1 Rf3+ 47. Qxf3 Qxf3+ 48. Rf2 Qxh5 49. Rb2 Qd1+ 50. Kf2 Qxd4+
0-1

[Event "Under 1700"]
[Site "SchemingMind.com"]
[Date "2009.11.07"]
[Round "-"]
[White "Gilligan"]
[Black "mmccaffe"]
[Result "1-0"]
[WhiteCountry "USA"]
[BlackCountry "USA"]
[WhiteElo "1619"]
[WhiteRD "74"]
[BlackElo "1615"]
[BlackRD "59"]
[GameID "225703"]

1. d4 d5 2. c4 e6 3. Nc3 Nf6 4. Bg5 Be7 5. Nf3 h6 6. Bh4 O-O 7. e3 Nbd7 8. Be2 b6 9. O-O Bb7 10. cxd5 Nxd5
11. Bxe7 Qxe7 12. Nxd5 exd5 13. Rc1 c6 14. Bd3 c5 15. dxc5 Nxc5 16. Bc2 Ne4 17. Nd4 Ba6 18. Re1 Qf6 19. b4 Nc3 20. Qd2 Ne4
21. Bxe4 dxe4 22. b5 Bb7 23. Qb4 Rfc8 24. Rb1 Rc5 25. Nb3 Rc3 26. Nd2 Bc8 27. Nxe4
1-0

[Event "Under 1700"]
[Site "SchemingMind.com"]
[Date "2009.11.07"]
[Round "-"]
[White "Gilligan"]
[Black "Imre030"]
[Result "1-0"]
[WhiteCountry "USA"]
[BlackCountry "HUN"]
[WhiteElo "1630"]
[WhiteRD "77"]
[BlackElo "1188"]
[BlackRD "93"]
[GameID "225704"]

1. d4 d5 2. c4 dxc4 3. Nc3 Nf6 4. e3 Bg4 5. Be2 Be6 6. b3 cxb3 7. axb3 Bg4 8. Nf3 e6 9. O-O Bb4 10. Bb2 O-O
11. Ne5 Nc6 12. Nxg4 Bd6 13. Nxf6+ Qxf6 14. Ne4 Qh6 15. h3 f5 16. Nxd6 cxd6 17. Ba3 Ne7 18. Bxd6 Rfe8 19. Bb5 Red8 20. Bxe7 Re8
21. Bxe8 Rxe8 22. Bd6 b6 23. Rxa7 b5 24. Qc2 Rd8 25. Qc7 Qh4 26. Qxg7#
1-0

[Event "Under 1700"]
[Site "SchemingMind.com"]
[Date "2009.11.08"]
[Round "-"]
[White "XTC"]
[Black "Gilligan"]
[Result "1-0"]
[WhiteCountry "COL"]
[BlackCountry "USA"]
[WhiteElo "1679"]
[WhiteRD "53"]
[BlackElo "1613"]
[BlackRD "77"]
[GameID "225705"]

1. e4 c5 2. Nf3 Nc6 3. d4 b6 4. c4 d6 5. Nc3 g6 6. dxc5 bxc5 7. Be2 Bg7 8. Bd2 Nf6 9. O-O O-O 10. Bd3 Rb8
11. b3 Bb7 12. Rb1 Nb4 13. Bc2 Nxc2 14. Qxc2 Re8 15. Rfe1 e6 16. Bg5 h6 17. Bd2 Qc7 18. Nb5 Qb6 19. Be3 Bxe4 20. Qd2 Ng4
21. Rbd1 d5 22. h3 Bxf3 23. gxf3 Ne5 24. Qe2 d4 25. Bf4 f6 26. Bxe5 fxe5 27. Qe4 g5 28. h4 a6 29. hxg5 axb5 30. gxh6 Rb7
31. Qg6 Ree7 32. Kh1 Qc6 33. Re4 bxc4 34. Rg1 c3 35. hxg7 Rxg7 36. Qh6 Rxg1+ 37. Kxg1 Rg7+ 38. Rg4 Rxg4+ 39. fxg4 Qe8 40. Qg5+ Kf8
41. Qxe5 Qc6 42. Qf4+ Ke8 43. g5 Qd7 44. Kf1 d3 45. Qb8+ Kf7 46. Qf4+ Kg6 47. Qf6+ Kh5 48. Qxc3 d2 49. Qf3+ Kg6 50. Qd1 Kxg5
51. Ke2 Kf5 52. Qxd2 Qxd2+ 53. Kxd2 e5 54. a4
1-0

[Event "Under 1700"]
[Site "SchemingMind.com"]
[Date "2009.11.07"]
[Round "-"]
[White "mmccaffe"]
[Black "Gilligan"]
[Result "1/2-1/2"]
[WhiteCountry "USA"]
[BlackCountry "USA"]
[WhiteElo "1615"]
[WhiteRD "59"]
[BlackElo "1619"]
[BlackRD "74"]
[GameID "225706"]

1. e4 e5 2. Nf3 d6 3. Bc4 Be6 4. Qe2 Nf6 5. Bxe6 fxe6 6. d3 Be7 7. h3 O-O 8. O-O Nbd7 9. Nc3 c6 10. Bd2 d5
11. exd5 cxd5 12. Nxe5 Nxe5 13. Qxe5 Qd7 14. a3 Bd6 15. Qe2 Rac8 16. d4 Rce8 17. Qb5 Qf7 18. Bg5 a6 19. Qd3 Nd7 20. b4 Nb6
21. b5 Nc4 22. bxa6 bxa6 23. a4 Bf4 24. Bxf4 Qxf4 25. Ne2 Qd6 26. Ng3 Rf6 27. Rfe1 Ref8 28. Re2 Qc6 29. Nf1 Nd6 30. Nd2 Nc4
31. Nxc4 dxc4 32. Qe3 Rg6 33. Qe4 Qd6 34. c3 Rgf6 35. Qe5=
1/2-1/2

[Event "Under 1700"]
[Site "SchemingMind.com"]
[Date "2009.11.07"]
[Round "-"]
[White "Imre030"]
[Black "Gilligan"]
[Result "0-1"]
[WhiteCountry "HUN"]
[BlackCountry "USA"]
[WhiteElo "1336"]
[WhiteRD "111"]
[BlackElo "1613"]
[BlackRD "77"]
[GameID "225707"]

1. e3 d5 2. d4 e6 3. Nf3 Nf6 4. Nc3 Bb4 5. Bb5+ c6 6. Bd3 O-O 7. O-O b6 8. a3 Bxc3 9. bxc3 c5 10. Ng5 h6
11. Nxe6 fxe6 12. Rb1 c4 13. Bg6 Ne4 14. Qf3 Rxf3 15. gxf3 Nxc3 16. Rb2 Qg5+ 17. Kh1 Qxg6 18. Rg1 Qh5 19. f4 Qf3+ 20. Rg2 e5
21. fxe5 Bh3
0-1

[Event "Under 1700"]
[Site "SchemingMind.com"]
[Date "2009.11.08"]
[Round "-"]
[White "Shell"]
[Black "XTC"]
[Result "0-1"]
[WhiteCountry "ENG"]
[BlackCountry "COL"]
[WhiteElo "1207"]
[WhiteRD "61"]
[BlackElo "1679"]
[BlackRD "53"]
[GameID "225819"]

1. d4 d5 2. c4 e6 3. Nc3 Be7 4. Nf3 Nf6 5. Bg5 O-O 6. e3 Nbd7 7. Bd3 c5 8. O-O cxd4 9. exd4 dxc4 10. Bxc4 Nb6
11. Bb3 Bd7 12. Qd3 Nbd5 13. Ne5 Bc6 14. Rad1 Nb4 15. Qh3 Bd5 16. Nxd5 Nbxd5 17. f4 Rc8 18. f5 exf5 19. Rxf5 Qd6 20. Bc2 Rxc2
21. Nd3 h6 22. Ne1 Rxb2 23. Bh4 Rc8 24. Nd3 Rxa2 25. Nc5 Rc7 26. Bg3 Qb6 27. Bxc7 Nxc7 28. Re1 Bxc5 29. Rxc5 Ne6 30. Rc8+ Kh7
31. Qf5+ g6 32. Qxf6 Qxd4+ 33. Kh1 Qxf6 34. Re8 Qf2 35. Rg1 Nf4 36. Re7 Kg7 37. Re4 Nxg2 38. Rxg2 Qxg2#
0-1

[Event "Under 1700"]
[Site "SchemingMind.com"]
[Date "2009.11.08"]
[Round "-"]
[White "Shell"]
[Black "Gilligan"]
[Result "0-1"]
[WhiteCountry "ENG"]
[BlackCountry "USA"]
[WhiteElo "1207"]
[WhiteRD "61"]
[BlackElo "1613"]
[BlackRD "77"]
[GameID "225820"]

1. d4 d5 2. c4 e6 3. Nc3 Nf6 4. Nf3 Bb4 5. Bg5 O-O 6. e3 Be7 7. Bf4 Nbd7 8. Bd3 b6 9. O-O Nh5 10. cxd5 Nxf4
11. exf4 exd5 12. Nxd5 Bd6 13. Qe2 Re8 14. Qc2 g6 15. f5 Bb7 16. Be4 c6 17. Ne3 Nf6 18. d5 cxd5 19. Bd3 Rc8 20. Qb1 Bc5
21. a3 d4 22. Ng5 dxe3 23. Bc4 exf2+ 24. Kh1 Re1 25. Rxe1 fxe1=Q+ 26. Qxe1 Bd5 27. Rd1 Bf2 28. Qxf2 Rxc4 29. b4 Ng4 30. Qa2 Ne3
31. Re1 Rc2 32. Qb1 Qxg5 33. Rg1 Bxg2+ 34. Rxg2 Qxg2#
0-1

[Event "Under 1700"]
[Site "SchemingMind.com"]
[Date "2009.11.08"]
[Round "-"]
[White "Shell"]
[Black "mmccaffe"]
[Result "0-1"]
[WhiteCountry "ENG"]
[BlackCountry "USA"]
[WhiteElo "1207"]
[WhiteRD "61"]
[BlackElo "1689"]
[BlackRD "58"]
[GameID "225821"]

1. d4 d5 2. c4 e6 3. Nc3 Nf6 4. Nf3 Be7 5. Bg5 O-O 6. e3 b6 7. cxd5 exd5 8. Bb5 a6 9. Bd3 Bb7 10. O-O Nbd7
11. a3 h6 12. Nxd5 Nxd5 13. e4 N5f6 14. Qc2 hxg5 15. e5 Bxf3 16. gxf3 Nd5 17. Bf5 Rc8 18. e6 fxe6 19. Bxe6+ Kh8 20. Bxd5 Nf6
21. Bb3 Qxd4 22. Rad1 Qh4 23. Be6 Bd6 24. Bxc8 Qxh2#
0-1

[Event "Under 1700"]
[Site "SchemingMind.com"]
[Date "2009.11.08"]
[Round "-"]
[White "Shell"]
[Black "Imre030"]
[Result "1-0"]
[WhiteCountry "ENG"]
[BlackCountry "HUN"]
[WhiteElo "1272"]
[WhiteRD "62"]
[BlackElo "1188"]
[BlackRD "93"]
[GameID "225822"]

1. d4 d5 2. c4 dxc4 3. Nf3 Bf5 4. Nc3 Nc6 5. e4 Bg4 6. Be2 Nf6 7. Bxc4 e6 8. Be3 Bb4 9. O-O O-O 10. a3 Bd6
11. e5 Bxf3 12. Qxf3 Nxd4 13. Bxd4 c5 14. exd6 Qxd6 15. Rad1 cxd4 16. Nb5 Qc5 17. b3 Qh5 18. Rxd4 Rad8 19. Qxh5 Nxh5 20. Re4 Nf6
21. Re3 a6 22. f4 axb5 23. Bxb5 Ng4 24. Re4 Rd5 25. Be2 f5 26. Rb4 Ne3 27. Rc1 e5 28. fxe5 f4 29. Bf3 Rd2 30. Rxf4 Rxf4
31. e6 Nf5 32. Rc8+ Rd8 33. Rxd8#
1-0

[Event "Under 1700"]
[Site "SchemingMind.com"]
[Date "2009.11.08"]
[Round "-"]
[White "XTC"]
[Black "Shell"]
[Result "1-0"]
[WhiteCountry "COL"]
[BlackCountry "ENG"]
[WhiteElo "1679"]
[WhiteRD "53"]
[BlackElo "1207"]
[BlackRD "61"]
[GameID "225823"]

1. e4 e5 2. Nf3 Nc6 3. Bc4 Nf6 4. Ng5 Bc5 5. Bxf7+ Ke7 6. Bd5 Rf8 7. O-O d6 8. h3 Qe8 9. c3 h6 10. Nf3 g5
11. d4 exd4 12. cxd4 g4 13. Nh2 Bxd4 14. Bxc6 bxc6 15. Qxd4 c5 16. Qe3 Ba6 17. Re1 Rb8 18. Qxh6 Rb4 19. Bg5 Ke6 20. Nxg4 Rxb2
21. Bxf6 c4 22. Bxb2+ Ke7 23. e5 Qd8 24. exd6+ Kd7 25. dxc7 Kxc7 26. Be5+ Kb7 27. Nc3 Rf7 28. Rab1+ Ka8 29. Qxa6 Re7 30. Qc6+ Rb7
31. Qxb7#
1-0

[Event "Under 1700"]
[Site "SchemingMind.com"]
[Date "2009.11.08"]
[Round "-"]
[White "Gilligan"]
[Black "Shell"]
[Result "1-0"]
[WhiteCountry "USA"]
[BlackCountry "ENG"]
[WhiteElo "1613"]
[WhiteRD "77"]
[BlackElo "1207"]
[BlackRD "61"]
[GameID "225824"]

1. d4 Nf6 2. c4 e6 3. Nc3 Bb4 4. e3 O-O 5. Nf3 c5 6. a3 Bxc3+ 7. bxc3 b6 8. Bd3 Nc6 9. O-O d5 10. cxd5 exd5
11. Re1 a6 12. Rb1 b5 13. dxc5 Rb8 14. Nd4 Nxd4 15. cxd4 Bg4 16. f3 Be6 17. Qc2 Qa5 18. Bd2 Qxa3 19. Ra1 b4 20. Rxa3 bxa3
21. Rb1 a2 22. Qxa2 Ra8 23. Qa3 Nh5 24. e4 dxe4 25. fxe4 g6 26. d5 Bg4 27. d6 Rfd8 28. e5 Kg7 29. c6 f6 30. Rb7+ Kh8
31. Qb3 Ng7 32. exf6 Ne8 33. Qf7 Rxd6 34. Qxh7#
1-0

[Event "Under 1700"]
[Site "SchemingMind.com"]
[Date "2009.11.08"]
[Round "-"]
[White "mmccaffe"]
[Black "Shell"]
[Result "1-0"]
[WhiteCountry "USA"]
[BlackCountry "ENG"]
[WhiteElo "1689"]
[WhiteRD "58"]
[BlackElo "1207"]
[BlackRD "61"]
[GameID "225825"]

1. e4 e5 2. Nf3 Nc6 3. Bc4 Nf6 4. d3 Bc5 5. O-O O-O 6. Nc3 d6 7. h3 a6 8. a3 h6 9. b4 Ba7 10. Nd5 b5
11. Bb3 a5 12. Bd2 a4 13. Ba2 Bb7 14. g4 g5 15. Nxg5 Nd4 16. Nf3 Nxf3+ 17. Qxf3 c5 18. Nxf6+ Kh8 19. Qf5 Qxf6 20. Qxf6+ Kg8
21. Bxh6 c4 22. Qg7#
1-0

[Event "Under 1700"]
[Site "SchemingMind.com"]
[Date "2009.11.08"]
[Round "-"]
[White "Imre030"]
[Black "Shell"]
[Result "1-0"]
[WhiteCountry "HUN"]
[BlackCountry "ENG"]
[WhiteElo "1250"]
[WhiteRD "91"]
[BlackElo "1299"]
[BlackRD "66"]
[GameID "225826"]

1. e4 e5 2. f4 exf4 3. Bc4 Qh4+ 4. Kf1 Nf6 5. Nf3 Qh5 6. e5 Ne4 7. Kg1 Bc5+ 8. d4 Bb6 9. Nc3 Bxd4+ 10. Kf1 Nf2
11. Qxd4 Nxh1 12. Bxf4 O-O 13. Ke2 Nc6 14. Qe4 d6 15. Bd3 dxe5 16. g4 Bxg4 17. Ke3 Qh3 18. Rxh1 Bf5 19. Qxf5 Qxf5 20. Bxf5 exf4+
21. Kxf4 f6 22. Nd5 Rad8 23. Nxc7 Rd6 24. Ne6 g5+ 25. Kg4 Ne7 26. Nxf8 Kxf8 27. Re1 Nxf5 28. Kxf5 Kg7 29. Re6 Rd5+ 30. Ke4 Rb5
31. b3 f5+ 32. Kd4 Kf7 33. Nxg5+ Kg7 34. c4 Ra5 35. h4 Rxa2 36. h5 Rd2+ 37. Kc3 Rg2 38. h6+ Kf8 39. Nxh7+ Kf7 40. Rf6+ Ke7
41. Rxf5 Rg3+ 42. Kb2 Ke6 43. Rg5 Re3 44. Nf8+ Kd6 45. h7 Rh3 46. Rg8 Rh2+ 47. Ka3 Ke7 48. h8=Q Rxh8 49. Rxh8 Kf7 50. Nd7 Kg7
51. Ra8 a6 52. Rb8 Kf7 53. Rxb7 Ke6 54. Nb8 Kd6 55. Rb6+ Kc7 56. c5
1-0

[Event "Under 1700"]
[Site "SchemingMind.com"]
[Date "2009.11.08"]
[Round "-"]
[White "nhitchings"]
[Black "XTC"]
[Result "0-1"]
[WhiteCountry "USA"]
[BlackCountry "COL"]
[WhiteElo "1517"]
[WhiteRD "92"]
[BlackElo "1822"]
[BlackRD "54"]
[GameID "225829"]

1. e4 e5 2. d4 exd4 3. c3 d5 4. exd5 Qxd5 5. cxd4 Nc6 6. Nf3 Bg4 7. Be2 Bb4+ 8. Nc3 Bxc3+ 9. bxc3 h6 10. O-O Nf6
11. Re1 O-O 12. Bd3 Bxf3 13. Qxf3 Qxf3 14. gxf3 a6 15. Kh1 Nd5 16. Rg1 Kh8 17. Bb2 Nf4 18. Be4 f5 19. Bxc6 bxc6 20. c4 Rfb8
21. Bc3 Ne2 22. Ba5 Nxg1 23. Kxg1 Rb7 24. Re1 Rd8 25. Re6 Rxd4 26. Rxc6 Rd6 27. Rc5 Rg6+ 28. Kf1 Rb1+ 29. Ke2 Rb2+ 30. Ke3 c6
31. Rxf5 Rxa2 32. Bb6 Rg2 33. Rc5 Rgxf2 34. Rxc6 Rxh2 35. Bc7 Ra3+ 36. Ke4 Re2+ 37. Kf4 Ree3 38. Be5 Rxf3+ 39. Ke4 Rh3 40. Rc7 Rh4+
41. Kd5 Rg4 42. c5 Rd3+ 43. Ke6 h5 44. c6 Kh7 45. Rd7 Rg6+ 46. Kf5 Rf3+ 47. Ke4 Rf2 48. c7 Rc2 49. Kd3 Rc1
0-1

[Event "Under 1700"]
[Site "SchemingMind.com"]
[Date "2009.11.08"]
[Round "-"]
[White "nhitchings"]
[Black "mmccaffe"]
[Result "0-1"]
[WhiteCountry "USA"]
[BlackCountry "USA"]
[WhiteElo "1517"]
[WhiteRD "92"]
[BlackElo "1645"]
[BlackRD "63"]
[GameID "225831"]

1. e4 e5 2. d4 exd4 3. c3 dxc3 4. Nxc3 Bb4 5. Bc4 Ne7 6. Qb3 Bxc3+ 7. Qxc3 O-O 8. Nf3 Nbc6 9. O-O d6 10. b4 Be6
11. Bb2 f6 12. Bxe6+ Kh8 13. Ng5 Nxb4 14. Nf7+ Rxf7 15. Bxf7 Nbc6 16. Qh3 Ne5 17. Be6 c6 18. Rad1 N5g6
0-1

[Event "Under 1700"]
[Site "SchemingMind.com"]
[Date "2009.11.08"]
[Round "-"]
[White "nhitchings"]
[Black "Shell"]
[Result "1-0"]
[WhiteCountry "USA"]
[BlackCountry "ENG"]
[WhiteElo "1529"]
[WhiteRD "114"]
[BlackElo "1299"]
[BlackRD "66"]
[GameID "225832"]

1. e4 e5 2. d4 exd4 3. c3 dxc3 4. Nxc3 Nc6 5. Bc4 Bb4 6. Qb3 Qe7 7. Nf3 Nf6 8. O-O O-O 9. Re1 d6 10. Bd2 d5
11. exd5 Qd6 12. dxc6 b6 13. Ng5 Qxd2 14. Bxf7+ Kh8 15. Qxb4 Rd8 16. Re8+ Rxe8 17. Bxe8 Qxg5 18. f4 Qg4 19. Qf8+ Ng8 20. Bd7 Qg6
21. Bxc8 Qxc6 22. Rd1 b5 23. Rd8 Qc4 24. Rd7 b4 25. Qxg7#
1-0

[Event "Under 1700"]
[Site "SchemingMind.com"]
[Date "2009.11.08"]
[Round "-"]
[White "nhitchings"]
[Black "Imre030"]
[Result "1-0"]
[WhiteCountry "USA"]
[BlackCountry "HUN"]
[WhiteElo "1529"]
[WhiteRD "114"]
[BlackElo "1250"]
[BlackRD "91"]
[GameID "225833"]

1. e4 c5 2. b4 d6 3. bxc5 dxc5 4. Nf3 Nf6 5. Nc3 e6 6. Bc4 Be7 7. Rb1 O-O 8. O-O e5 9. Bb2 Bg4 10. d3 Nc6
11. Nd5 Nd4 12. Bxd4 cxd4 13. Rxb7 Bc5 14. h3 Rb8 15. Rxb8 Qxb8 16. Nxf6+ gxf6 17. hxg4 Rd8 18. Nh4 Qb4 19. g5 fxg5 20. Qh5 Rd7
21. Qxg5+ Kf8 22. Nf5 Be7 23. Qg7+ Ke8 24. Qh8+ Bf8 25. Qxe5+ Kd8 26. Bb5 f6 27. Qb8#
1-0

[Event "Under 1700"]
[Site "SchemingMind.com"]
[Date "2009.11.09"]
[Round "-"]
[White "XTC"]
[Black "nhitchings"]
[Result "1-0"]
[WhiteCountry "COL"]
[BlackCountry "USA"]
[WhiteElo "1822"]
[WhiteRD "54"]
[BlackElo "1517"]
[BlackRD "92"]
[GameID "225834"]

1. e4 e5 2. Nf3 Nc6 3. Bc4 Bc5 4. b4 Bxb4 5. c3 Ba5 6. d4 d6 7. Qb3 Qe7 8. d5 Nd4 9. Bb5+ Bd7 10. Bxd7+ Qxd7
11. Qxb7 Qc8 12. Qxc8+ Rxc8 13. Nxd4 exd4 14. Bd2 Ne7 15. O-O O-O 16. cxd4 Bxd2 17. Nxd2 c6 18. dxc6 Nxc6 19. Nb3 Rfe8 20. f3 a5
21. d5 Ne5 22. Nxa5 f5 23. exf5 Rc5 24. Nb7 Rxd5 25. Rfd1 Rxd1+ 26. Rxd1 Ra8 27. Nxd6 Rxa2 28. Re1 Nd7 29. Re8+ Nf8 30. g4 Ra6
31. Rd8 Ra3 32. Kf2 Ra2+ 33. Kg3 Ra1 34. h4 Rg1+ 35. Kf4 Rh1 36. Ne4 h6 37. h5 Kf7 38. Ra8 Nd7 39. Ra7 Ke8 40. Ra6 Rd1
41. f6
1-0

[Event "Under 1700"]
[Site "SchemingMind.com"]
[Date "2009.11.09"]
[Round "-"]
[White "Gilligan"]
[Black "nhitchings"]
[Result "1-0"]
[WhiteCountry "USA"]
[BlackCountry "USA"]
[WhiteElo "1596"]
[WhiteRD "76"]
[BlackElo "1517"]
[BlackRD "92"]
[GameID "225835"]

1. e4 e5 2. Nf3 Nc6 3. Bc4 Bc5 4. O-O Nf6 5. d3 d6 6. c3 O-O 7. d4 Qe7 8. dxc5 Nxe4 9. cxd6 Nxd6 10. Bg5 Qe8
11. Bb3 Kh8 12. Bc2 f6 13. Be3 Be6 14. Nbd2 Bf5 15. Rc1 Bxc2 16. Qxc2 Qe6 17. b3 Rad8 18. Nh4 f5 19. f4 e4 20. b4 b6
21. a4 a6 22. Nb3 Nc4 23. Nd4 Qf6 24. Bf2 Nxd4 25. cxd4 e3 26. Qxc4 exf2+ 27. Rxf2 Qxh4 28. g3 Qf6 29. Rd1 Rd7 30. d5 Qf7
31. Rfd2 Rfd8 32. Qxa6 Rd6 33. a5
1-0

[Event "Under 1700"]
[Site "SchemingMind.com"]
[Date "2009.11.09"]
[Round "-"]
[White "mmccaffe"]
[Black "nhitchings"]
[Result "1/2-1/2"]
[WhiteCountry "USA"]
[BlackCountry "USA"]
[WhiteElo "1645"]
[WhiteRD "63"]
[BlackElo "1517"]
[BlackRD "92"]
[GameID "225836"]

1. e4 e5 2. Nf3 Nc6 3. Bc4 Bc5 4. d3 Nf6 5. O-O d6 6. h3 O-O 7. Nc3 Qe7 8. Bg5 h6 9. Bd2 Bd7 10. Nd5 Nxd5
11. Bxd5 Qf6 12. a3 Nd4 13. Nxd4 Bxd4 14. c3 c6 15. cxd4 cxd5 16. dxe5 Qxe5 17. Bc3 d4 18. Bd2 Qf6 19. Rc1 Qg6 20. Qf3 f5
21. Rc7 Bc6 22. exf5 Rxf5 23. Qg3 Qxg3 24. fxg3 Raf8 25. Rxf5=
1/2-1/2

[Event "Under 1700"]
[Site "SchemingMind.com"]
[Date "2009.11.09"]
[Round "-"]
[White "Shell"]
[Black "nhitchings"]
[Result "0-1"]
[WhiteCountry "ENG"]
[BlackCountry "USA"]
[WhiteElo "1261"]
[WhiteRD "69"]
[BlackElo "1517"]
[BlackRD "92"]
[GameID "225837"]

1. d4 d5 2. c4 e5 3. dxe5 d4 4. Nf3 Nc6 5. g3 Be6 6. Nbd2 Qd7 7. Bg2 O-O-O 8. O-O h5 9. Qa4 Bh3 10. Bxh3 Qxh3
11. a3 Qd7 12. Ne4 Nh6 13. Nc5 Bxc5 14. b4 Ng4 15. bxc5 a6 16. Ng5 Ngxe5 17. f4 f6 18. fxe5 fxg5 19. Bxg5 Nxe5 20. c6 Nxc6
21. Rab1 Rdf8 22. Rfd1 Qf5 23. Bf4 g5 24. Bxc7 Kxc7 25. Qb3 Rb8 26. Rf1 Qe6 27. Qb6+ Kc8 28. Rf2 Qxc4 29. Rbf1 Qb5 30. Rb1 Qxb6
31. Rxb6 Kc7 32. Rb3 Rbf8 33. Rbf3 Rxf3 34. Rxf3 Re8 35. Rf7+ Kb6 36. Kf2 Re3 37. Rf5 Rxa3 38. Rxg5 Ra2 39. Rxh5 d3 40. g4 Rxe2+
41. Kf3 Nd4+ 42. Kg3 d2 43. Rh6+ Ka7 44. g5 d1=Q 45. Kh4 Re4+ 46. Kh3 Qf3#
0-1

[Event "Under 1700"]
[Site "SchemingMind.com"]
[Date "2009.11.09"]
[Round "-"]
[White "Imre030"]
[Black "nhitchings"]
[Result "0-1"]
[WhiteCountry "HUN"]
[BlackCountry "USA"]
[WhiteElo "1234"]
[WhiteRD "88"]
[BlackElo "1517"]
[BlackRD "92"]
[GameID "225838"]

1. e4 e5 2. Nc3 Bc5 3. h4 Nf6 4. Bc4 Nxe4 5. Nxe4 d5 6. Nxc5 dxc4 7. Nf3 Nc6 8. d3 cxd3 9. Qxd3 Qxd3 10. cxd3 O-O
11. O-O b6 12. Ne4 Ba6 13. Ne1 Rad8 14. Ng3 Bxd3 15. Bg5 f6 16. Nxd3 Rxd3 17. Be3 Rfd8 18. Ne4 f5 19. Nc3 f4 20. Bc1 Nd4
21. Rd1 Rxd1+ 22. Nxd1 Nc2 23. Bxf4 Nxa1 24. Bxe5 Rxd1+ 25. Kh2 Rd7 26. Kg3 Rf7 27. b3 Nc2 28. a4 a5 29. f4 Rd7 30. Kg4 Nd4
31. Bxd4 Rxd4 32. h5 Rb4 33. g3 Rxb3 34. f5 c5 35. h6 c4 36. Kg5 c3
0-1